Perovskites : Modern and Ancient /

La perovskita (perovskite) son óxidos minerales que tienen una estructura cristalina de gran interés en la geofísica y en la ciencia de los materiales. El libro aborda su estructura cristalina y las propiedades de su estructura.

Na minha lista:
Detalhes bibliográficos
Autor principal: Mitchell, Roger Howard (autor)
Formato: Livro
Idioma:inglês
Publicado em: Ontario, Canadá : Almaz, 2002, c2002
Assuntos:
Tags: Adicionar Tag
Sem tags, seja o primeiro a adicionar uma tag!

MARC

LEADER 00000nam^a2200000^a^4500
001 000180151
005 20250521000000.0
009 20260310101848.861
020 |a 0-9689411-0-9 
037 |a Acervo ITESO - Biblioteca 
041 |a ING 
082 |a 548. 3  |b MIT 
100 |a Mitchell, Roger Howard  |e (autor) 
245 1 0 |a Perovskites :  |b Modern and Ancient /  |c R.H. Mitchell. 
264 4 |a Ontario, Canadá :  |b Almaz,  |c 2002, c2002 
300 |a 318 p. 
336 |a texto  |b txt  |2 rdacontenido 
337 |a sin mediación  |b n  |2 rdamedio 
338 |a volumen  |b nc  |2 rdasoporte 
520 |a La perovskita (perovskite) son óxidos minerales que tienen una estructura cristalina de gran interés en la geofísica y en la ciencia de los materiales. El libro aborda su estructura cristalina y las propiedades de su estructura. 
649 |a XX 
650 |a Perovskita 
650 |a Oxidos 
650 |a Enlaces Químicos 
650 |a Estructura Cristalina 
650 |a Cristaloquímica 
650 |a Minerales 
650 |a Mineralogía 
650 |a Cristalografía 
650 |a Química Inorgánica 
910 |a Fondo General 
920 |a Impresos - Libros 
930 |a Colección General 
905 |a 101 
901 |a 0500119344  |b IT1  |c ACC  |u 20250521 
902 |a https://opac.biblio.iteso.mx/vufind/Record/000180151